| 000 | 01315nam a2200349 a 4500 | ||
|---|---|---|---|
| 001 | 000113536 | ||
| 003 | CHAP | ||
| 005 | 20220329144400.0 | ||
| 008 | 170801s2017 mx a fsm |||||||spa d | ||
| 010 | _a109997 | ||
| 011 | _a110969 | ||
| 040 | _cCHAP | ||
| 090 | _aTesis | ||
| 100 | 1 |
_aReyes Morales, Yesenia Carolina _9132914 |
|
| 245 | 1 | 0 |
_aEfecto de factores abióticos sobre la incidencia de Dendroctonus mexicanus en Pinus spp. en las Cruces, Estado de México / _h[En línea] _cpor Yesenia Carolina Reyes Morales. |
| 260 |
_aChapingo, Méx. : _bEl autor, _c2017. |
||
| 500 | _aPara ver el contenido del material haga clic en la liga | ||
| 502 | _aTesis (Ing. Forestal) -- UACH. División de Ciencias Forestales | ||
| 590 |
_aE8697GMM _b05 _c20170801 _lUCH01 _h0944 |
||
| 590 |
_aE8697GMM _b05 _c20170801 _lUCH01 _h1010 |
||
| 590 |
_aE8697GMM _b05 _c20170801 _lUCH01 _h1143 |
||
| 650 | 1 | 4 |
_aÁrboles _xDaños por el fuego. _96588 |
| 650 | 1 | 4 |
_aDendroctonus mexicanus _xControl. _9129486 |
| 650 | 1 | 4 |
_aDendroctonus _xHábitos y conducta. _9132875 |
| 650 | 1 | 4 |
_aPinus _xPlagas. _9132916 |
| 650 | 1 | 4 |
_aSuelos _xContaminación. _9110327 |
| 650 | 1 | 4 |
_aSuelos _xEvaluación. _9110364 |
| 856 |
_aFinding aid _uhttp://10.13.5.2/tesis/sist113536.pdf _zTeclea aquí |
||
| 901 | _aBK | ||
| 942 | _cTESIS | ||
| 942 | _n0 | ||
| 999 |
_c109997 _d109997 |
||